| 000 | 00317 a2200133 4500 | ||
|---|---|---|---|
| 001 | 86573 | ||
| 082 | _a398.2 LOK | ||
| 090 |
_c40750 _d40750 |
||
| 100 | _aLok Virsa | ||
| 245 |
_aPanorama Pakistan V-7 (Only VCD) _hEnglish |
||
| 250 | _aV-7 | ||
| 260 |
_aIslamabad _bLok Virsa Islamabad _c2012 |
||
| 500 | _aLok Virsa | ||
| 942 |
_aCAENUST _k398.2 LOK |
||
| 999 |
_c321646 _d321646 |
||